000 00821nam a2200265 i 4500
001 5815
003 ES-MaACL
005 20230906144710.0
007 t|
008 890531s1993 sp ||||1| spa d
020 _a84-87567-34-7
080 _a32:504
080 _a504:32
245 0 0 _aManifiesto ecosocialista /
_cCarlos Antunes... [et al. ; traducción de la versión francesa de Santiago Jordán... et al.].
250 _a[2ª ed. en castellano].
260 _aMadrid :
_bCyan,
_c1993.
300 _a137 p. ;
_c20 cm.
490 1 _aLos libros de la catarata
650 1 4 _aPolítica ambiental.
_916286
700 1 _aAntunes, Carlos.
_922001
700 1 _aJordán Sempere, Santiago.
_966926
830 0 _aLos libros de la catarata
_9179841
852 _aES-MaACL
_jL-12946
_bR.121385
999 _c5815
_d5815